000 00421nam a2200181Ia 4500
005 20240823025346.0
008 240823s9999||||xx |||||||||||||| ||und||
041 _aENGLISH
082 _A621.3815 N2
100 _aSharma M C
245 0 _a51 Projects using CD 4011
250 _a1st
260 _c1992
_b"BPB,New Delhi"
500 _aTRANSFERED
650 _aProjects
_bElectronics
942 _cBK
999 _c186125
_d186125